| 000 | 00360nam a22001457a 4500 | ||
|---|---|---|---|
| 020 | _a9780130186041 | ||
| 040 | _cNust | ||
| 082 |
_a658.5 _bHEI |
||
| 100 |
_aJay H. Heizer _9127587 |
||
| 245 | _aOperations Management | ||
| 250 | _a6th edition | ||
| 260 |
_aNew Jersey: _bPrentice Hall, _c2001. |
||
| 650 |
_aOperations Management _956296 |
||
| 942 |
_2ddc _cBK |
||
| 999 |
_c612670 _d612670 |
||